Normal view
MARC view
- Davidson, J. Brownlee
Entry Personal Name
001 - CONTROL NUMBER
- control field: 3073
003 - CONTROL NUMBER IDENTIFIER
- control field: OSt
005 - DATE AND TIME OF LATEST TRANSACTION
- control field: 20180503113701.0
008 - FIXED-LENGTH DATA ELEMENTS
- fixed length control field: 180503|| aca||aabn | a|a d
040 ## - CATALOGING SOURCE
- Original cataloging agency: OSt
- Transcribing agency: OSt
100 ## - HEADING--PERSONAL NAME
- Personal name: Davidson, J. Brownlee
670 ## - SOURCE DATA FOUND
- Source citation: Work cat.: (OSt): Davidson, J. Brownlee, Agricultural engineering, 2017
